00347nam a2200121Ia 4500008004100000041000800041082001400049100002100063245006200084260004000146300003000186365000900216240624s9999 xx 000 0 und d aeng a658.8 McD aMCDONALD MALCOLM aMARKETING DUE DILIGENCE RECONNECTING STRATEGY TO SHARE P  c2006aBostonbButterworth Heinemann axv, : 238 : p. : cm. ; 24 cb30